MARC

LEADER 00000nam0a2200000 4500
001 299712
005 20231102001229.0
035 |a (RuTPU)RU\TPU\book\324864 
090 |a 299712 
100 |a 20150701d1968 km y0rusy50 ca 
101 0 |a rus 
102 |a RU 
105 |a y z 000zy 
200 1 |a Эстетика производственной среды и промышленного изделия  |f В. Г. Грибачев 
210 |a Москва  |c Знание  |d 1968 
215 |a 64 с. 
225 1 |a Новое в жизни, науке, технике 
225 1 |a Техника  |v [Вып.] 2 
606 1 |a Техническая эстетика  |2 stltpush  |3 (RuTPU)RU\TPU\subj\60056  |9 77546 
610 1 |a промышленные сооружения 
610 1 |a архитектура 
610 1 |a интерьер 
610 1 |a художественное конструирование 
675 |a 62:7.05  |v 4 
700 1 |a Грибачев  |b В. Г.  |g Валерий Григорьевич 
801 1 |a RU  |b 63413507  |c 20150701 
801 2 |a RU  |b 63413507  |c 20150703  |g RCR 
942 |c BK